Wszystkie partie prezydentów Polski - Statystyki

Ogólne statystyki
  • Ten quiz został rozwiązany 25 razy
  • Średni wynik to 8 z 11
Statystyki odpowiedzi
Obrazkowy Odpowiedź % Poprawnych
NSZZ Solidarnośc
100%
Platforma Obywatelska
100%
Prawo i Sprawiedliwośc
100%
Sojusz Lewicy Demokratycznej
87%
Polska Partia Robotnicza
83%
Polska Partia Socjalistyczna
70%
Polska Zjednoczona Partia Robotnicza
70%
Stronnictwo Narodowe
57%
Obóz Zjednoczenia Narodowego
48%
PSL Piast
30%
PSL Wyzwolenie
13%
Nie znaleziono quizów pasujących do podanych kryteriów
Rozkład punktacji
Procent ludzi z każdym wynikiem
Percentyl według liczby udzielonych odpowiedzi
Twoja historia wyników
Nie rozwiązałeś tego quizu